000 00445nam a22001817a 4500
003 NUST - PNEC
005 20170116180950.0
008 150907b xxu||||| |||| 00| 0 eng d
020 _a0130055131
040 _cLIBRARY
082 0 0 _a621.3815324 HAY
100 1 _aHaykin, Simon S.,
245 1 0 _aAdaptive filter theory
_cSimon Haykin.
250 _a2nd ed.
260 _cc.1991
650 0 _aAdaptive filters.
_xMIS, ME
942 _2ddc
_cBK
999 _c66409
_d66409